| 000 | 00856cam a22002415a 4500 | ||
|---|---|---|---|
| 005 | 20081020032651.0 | ||
| 008 | 081003s2008 ii ab b 001 0 eng | ||
| 010 | _aENG-92628 | ||
| 020 | _c600.00 | ||
| 035 | _aEN-76161 | ||
| 037 | _bDBAD / PUB | ||
| 040 |
_adpl _bEnglish |
||
| 082 | _a637.1 | ||
| 100 | _aDavid, J. | ||
| 245 |
_aContemporary trends in dairy plant management / _cby J. David |
||
| 260 |
_aNew Delhi _bKitab Mahal _c2007 |
||
| 270 |
_a28, Netaji Subhash Marg, Daryaganj, _bNew Delhi _e110002 |
||
| 300 |
_axx, 378p. _c22cm (Hb) |
||
| 500 | _aIncludes index | ||
| 650 |
_aDairy plant _xManagement |
||
| 942 |
_2ddc _cEN _mDAV _h637.1 |
||
| 999 |
_c22479 _d22479 |
||